000 00796nam a2200205 i 4500
001 23208
003 ES-MaACL
005 20260209164514.0
007 t|
008 021209s1891 sp ||||1| spa d
100 1 _aAlzola y Minondo, Pablo de,
_d1841-1912
_921064
245 1 0 _aÁfrica, su reparto y colonización
_b: conferencia pronunciada en la Sociedad "El Sitio", el 6 de octubre de 1891 /
_cPablo de Alzola y Minondo.
260 _aBilbao :
_b[Sociedad El Sitio],
_c1891 (
_fImp. de la Casa de Misericordia)
300 _a96 p. ;
_c19 cm.
594 _aConferencias de El Sitio, inauguración de la 2ª serie de 1891.
651 7 _aÁfrica-
_xColonización-
_yS.XIX
_2
_9145960
710 2 _aSociedad "El Sitio"
_96704
852 _aES-MaACL
_jT-576-F-6
999 _c23208
_d23208